LEADER 00886nam0-22003011i-450- 001 990003150400403321 005 20140519100712.0 035 $a000315040 035 $aFED01000315040 035 $a(Aleph)000315040FED01 035 $a000315040 100 $a20030910d1989----km-y0itay50------ba 101 0 $aita 102 $aIT 200 1 $aOstacoli non tariffari agli scambi nel diritto comunitario$fEmilia Cortese Pinto. 210 $aMilano$cFranco Angeli$d\copyr.\\1989. 215 $a158 p.$d21 cm 225 1 $a<>diritto delle Comunità Europee$v7 676 $aO/1.2431 676 $aO/3.32 702 1$aCortese Pinto,$bEmilio 801 0$aIT$bUNINA$gRICA$2UNIMARC 901 $aBK 912 $a990003150400403321 952 $aO/1.2431 COR$b8330$fSES 959 $aSES 996 $aOstacoli non tariffari agli scambi nel diritto comunitario$9456326 997 $aUNINA LEADER 03545nam 22007333u 450 001 9910973026403321 005 20250311202736.0 010 $a9781603444828 010 $a1603444823 035 $a(CKB)2670000000149949 035 $a(EBL)1132626 035 $a(OCoLC)829459949 035 $a(MiAaPQ)EBC1132626 035 $a(EXLCZ)992670000000149949 100 $a20130418d2011|||| u|| | 101 0 $aeng 135 $aurcnu|||||||| 181 $ctxt$2rdacontent 182 $cc$2rdamedia 183 $acr$2rdacarrier 200 10$aAfrican Americans in South Texas History 205 $a1st ed. 210 $aCollege Station $cTexas A&M University Press$d2011 215 $a1 online resource (373 p.) 225 1 $aPerspectives on South Texas, sponsored by Texas A&M University-Kingsville 300 $aDescription based upon print version of record. 311 08$a9781603442299 311 08$a1603442294 327 $aContents; Foreword; Acknowledgments; Introduction; Defending the Unnecessary; Just Southwest of Dixie; "Wantonly Maltreated and Slain,Simply Because They Are Free"; After Emancipation; The Forging of the African American Community in Corpus Christi, Texas,1865-1900; Lola and Leon Houck versus the Southern Pacific Railway Company; The Colored Trainmen of America; Divided We Stand; Maury Maverick and Racial Politics in San Antonio, Texas, 1938-1941; The Houston Eagles and the End of the Negro Leagues; Corpus Christi's Galvan Ballroom; Racial Change on the Southern Periphery 327 $a"A Pearl of Great Price"Blacks in South Texas; Contributors; Permissions; Index 330 $aThe history of South Texas is more racially and ethnically complex than many people realize. As a border area, South Texas has experienced some especially interesting forms of racial and ethnic intersection, influenced by the relatively small number of blacks (especially in certain counties), the function and importance of the South Texas cattle trade, proximity to Mexico, and the history of anti-black violence. The essays in African Americans in South Texas History give insight into this fascinating history.The articles in this volume, written over a span of almost th 410 0$aPerspectives on south Texas. 606 $aAfrican Americans -- Texas, South -- History 606 $aTexas -- Race relations 606 $aTexas -- Social conditions 606 $aTexas, South -- Race relations 615 4$aAfrican Americans -- Texas, South -- History. 615 4$aTexas -- Race relations. 615 4$aTexas -- Social conditions. 615 4$aTexas, South -- Race relations. 676 $a305.896 676 $a305.8960730764 700 $aGlasrud$b Bruce A$01792364 701 $aWintz$b Cary D$01112854 701 $aKnight$b Larry P$01792365 701 $aHowell$b Kenneth W$0281035 701 $aKosary$b Rebecca$01792366 701 $aMassey$b Sara R$01792367 701 $aWood$b Rue$01792368 701 $aSumler-Edmond$b Janice L$0915789 701 $aBorrer$b Jennifer$01792369 701 $aByerly$b Edward$01792370 701 $aDoyle$b Judith Kaaz$01792371 701 $aFink$b Rob$g(Robert)$01792372 701 $aLouzon$b David$01792373 701 $aGoldberg$b Robert A$01792374 701 $aPassty$b Jeanette Nyda$01792375 801 0$bAU-PeEL 801 1$bAU-PeEL 801 2$bAU-PeEL 906 $aBOOK 912 $a9910973026403321 996 $aAfrican Americans in South Texas History$94330816 997 $aUNINA